Madhubālā. (Record no. 73478)

MARC details
000 -LEADER
fixed length control field 00493cam a22002171 4500
001 - CONTROL NUMBER
control field sa 67002853
003 - CONTROL NUMBER IDENTIFIER
control field DLC
005 - DATE AND TIME OF LATEST TRANSACTION
control field 20260227112333.0
008 - FIXED-LENGTH DATA ELEMENTS--GENERAL INFORMATION
fixed length control field 890510s1966 ii 000 0 hino
010 ## - LIBRARY OF CONGRESS CONTROL NUMBER
LC control number sa 67002853
035 ## - SYSTEM CONTROL NUMBER
System control number (OCoLC)19688777
040 ## - CATALOGING SOURCE
Original cataloging agency DLC
Transcribing agency WaU
Modifying agency DLC
042 ## - AUTHENTICATION CODE
Authentication code premarc
050 00 - LIBRARY OF CONGRESS CALL NUMBER
Classification number PK2098.B22
Item number M3
100 1# - MAIN ENTRY--PERSONAL NAME
Personal name Baccana,
Dates associated with a name 1907-2003.
245 10 - TITLE STATEMENT
Title Madhubālā.
260 ## - PUBLICATION, DISTRIBUTION, ETC.
Date of publication, distribution, etc. [1966]
300 ## - PHYSICAL DESCRIPTION
Extent 125 p.
Dimensions 19 cm.
500 ## - GENERAL NOTE
General note In Hindi.
500 ## - GENERAL NOTE
General note Poems.

No items available.

Powered by Koha